000 006700000a22002170004500
003 LK-CoMWRAF
005 20231122104008.0
008 230817t2001 ||||| |||| 00| 0 eng d
020 _a9559052977
040 _aLK-CoMWRAF
_dLK-CoMWRAF
_eLK-CoMWRAF
041 _aeng
082 _a305.42
_bWIJ
100 _aWijayatilake, Kamalini
245 _aUnravelling herstories :
_b a three generational study
260 _aColombo:
_bCentre for Women's Research,
_c2001
300 _a176 p. ; 22 cm.
_bBibliography included
650 _aWOMEN-Sri Lanka--Social conditions
650 _aSex role--Sri Lanka
650 _aWomen--Family relationships--Sri Lanka.
942 _cBK
999 _c691
_d691